Adn : Molécula de la herencia /

Guardado en:
Autor Corporativo: Videopedia Britannica.
Formato: Deslizar
Materias:
ADN
Etiquetas: Agregar Etiqueta
Sin Etiquetas, Sea el primero en etiquetar este registro!
LEADER 00910ngm a22002655g 4500
001 CEM.cems021585
008 130507b199?##################0###0#####d
005 20240829154952.0
245 1 0 |a Adn :  |b Molécula de la herencia /  |c Videopedia Britannica. 
300 |a 16 
500 |a En soporte VHS, consultar en ventanilla. 
505 0 |a Función de los genes. ADN. Moléculas ATGC. Código del ADN. Mitosis. Producción de las moléculas a partir de las proteínas obtenidas en el alimento. 
538 |a Soporte: VHS - Norma: Pal N - Color - Compra CEMS - Hitachi=0630 
110 2 |a Videopedia Britannica. 
082 5 7 |/ VID 
653 |a QUIMICA 
653 |a GENETICA 
653 |a MITOSIS 
653 |a ADN 
653 |a HERENCIA 
653 |a GENES 
653 |a MOLECULAS 
653 |a PROTEINAS 
653 |a NIVEL SECUNDARIO 
859 |a CEMS  |b BIB. CEMS - Depto. Recursos Didacticos  |h 575  |i VID  |k DRD  |p 228.12  |t Ej.1